| 000 | 01069nam a2200277 i 4500 | ||
|---|---|---|---|
| 001 | 16870 | ||
| 003 | ES-MaACL | ||
| 005 | 20250629041500.0 | ||
| 007 | t| | ||
| 008 | 001117s1987 sp ||||0| spa | ||
| 080 | _a7.034(463.4 B.)(064.3) | ||
| 245 | 0 | 4 |
_aLos condestables de Castilla y la Casa del Cordón de Burgos : _bexposición conmemorativa / _c[catálogo dirigido y redactado por Jesús López Sobrino, con la colaboración de Antonio L. Bouza Balbás ... et al.]. |
| 260 |
_aBurgos : _bCaja de Ahorros Municipal, _c[1987] |
||
| 300 |
_a79 p : _bil. col ; _c28 cm. |
||
| 504 | _aBibliografía. | ||
| 610 | 2 | 4 |
_aCasa del Cordón (Burgos) _92479 |
| 650 | 1 | 4 |
_aArte renacentista- _zEspaña- _vExposiciones. _9151306 |
| 651 | 4 |
_aBurgos- _xEdificios, estructuras, etc. _9151307 |
|
| 655 | 7 |
_2tgfbne _9193628 _aCatálogos de exposiciones |
|
| 700 | 1 |
_aLópez Sobrino, Jesús. _973988 |
|
| 700 | 1 |
_aBouza, Antonio L., _d1934-2020 _931098 |
|
| 710 | 2 |
_aCaja de Burgos. _9151308 |
|
| 852 |
_aES-MaACL _jG-3015 |
||
| 942 | _2udc | ||
| 999 |
_c16870 _d16870 |
||